| 000 | 01163cam a2200289 4500 | ||
|---|---|---|---|
| 008 | 040319n2003 000 0 eng u | ||
| 020 | _a1860816703 | ||
| 035 | _a(Sirsi) u125493 | ||
| 041 | _aeng | ||
| 050 |
_a333.73 _c18 |
||
| 100 | _aCharles, J. A. | ||
| 110 | _aBuilding Research Establishment | ||
| 245 |
_aBuilding on brownfield sites _bidentifying the hazards |
||
| 260 |
_aWatford _bBRE _c2003 |
||
| 300 |
_a8p. _c30cm. |
||
| 490 |
_aBRE Good Building Guide _vGBG59 Part 1 |
||
| 520 | _aPart 1 of this Good Building Guide describes the hazards commonly encountered on brownfield land. It discusses the significance of these hazards for housing developments and the ways in which they can be managed and, where necessary, reduced. it also indicates the different regulations that can impact on the development of brownfield sites. | ||
| 650 | _aBROWNFIELD LAND | ||
| 650 | _aGAS WORKS | ||
| 650 | _aSCRAPYARD | ||
| 650 | _aLANDFILL SITES | ||
| 650 | _aCOLLIERY SPOIL | ||
| 650 | _aCONTAMINATED LANDS | ||
| 690 | _aBUILT ENVIRONMENT-SUSTAINABLE CONSTRUCTION | ||
| 710 |
_aUnited Kingdom _bDepartment of Trade and Industry |
||
| 942 | _n0 | ||
| 999 |
_c103412 _d103412 |
||